| 000 | 01031cam a2200253 i 4500 | ||
|---|---|---|---|
| 003 | SA-RiAUC | ||
| 005 | 20250324115443.0 | ||
| 008 | 250321s1989 su g b 000 0 ara c | ||
| 040 |
_aAE-AiULD _bara _cSA-RiAUC _erda |
||
| 043 | _aap----- | ||
| 082 | 0 | 4 | _a001.4091 |
| 090 |
_a001.4091 _bم ك ت |
||
| 110 | 2 |
_aمكتب التربية العربي لدول الخليج _eمؤلف. |
|
| 245 | 1 | 0 |
_aدليل مراكز البحث العلمي في دول الخليج العربية / _cمكتب التربية العربي لدول الخليج. |
| 264 | 1 |
_aالرياض : _bمكتب التربية العربي لدول الخليج، _c1989 |
|
| 300 |
_a115 صفحة ؛ _c24 سم |
||
| 336 |
_aنص _btxt _2rdacontent _3كتاب |
||
| 337 |
_aبدون وسيط _bn _2rdamedia |
||
| 338 |
_aمجلد _bnc _2rdacarrier |
||
| 504 | _aببليوجرافية : صفحة 115. | ||
| 650 | 7 |
_aمراكز البحوث _zدول الخليج العربية _2aucsh |
|
| 942 |
_2ddc _cBOOK _n0 |
||
| 949 |
_aSA-JeALM _d250321 _umohamedma123 _n1 |
||
| 999 |
_c6589 _d6589 |
||